Statistics for Bryan Danielson's career opponents

Click here to take the quiz!

General Stats

  • This quiz has been taken 187 times
    (7 since last reset)
  • The average score is 59 of 157

Answer Stats

Answer% Correct
Batista
100%
Dolph Ziggler
100%
Randy Orton
100%
The Miz
100%
Triple H
100%
A.J. Styles
83%
Alberto Del Rio
83%
Bray Wyatt
83%
Brock Lesnar
83%
CM Punk
83%
Cody Rhodes
83%
Dean Ambrose
83%
Drew McIntyre
83%
Dustin Rhodes
83%
Eddie Kingston
83%
Edge
83%
Erick Rowan
83%
John Cena
83%
Kane
83%
Kenny King
83%
Kofi Kingston
83%
Luke Harper
83%
Roman Reigns
83%
Sami Zayn
83%
Seth Rollins
83%
Sheamus
83%
Wade Barrett
83%
Adam Cole
67%
Adam Page
67%
Big E Langston
67%
Cesaro
67%
Chavo Guerrero Jr.
67%
Ethan Page
67%
Jack Swagger
67%
Jeff Hardy
67%
Jey Uso
67%
Jinder Mahal
67%
Kenny Omega
67%
Lance Storm
67%
Mark Henry
67%
Maxwell Jacob Friedman
67%
Nick Jackson
67%
Rey Mysterio
67%
Rico
67%
Samoa Joe
67%
Shelton Benjamin
67%
Shinsuke Nakamura
67%
The Big Show
67%
William Regal
67%
Chris Hero
50%
Chris Jericho
50%
Christopher Daniels
50%
Darren Young
50%
Heath Slater
50%
Jay Lethal
50%
John Morrison
50%
Kamala
50%
KENTA
50%
Kevin Steen
50%
Matt Sydal
50%
Mustafa Ali
50%
R-Truth
50%
Rusev
50%
Ryback
50%
Ted Dibiase Jr.
50%
Tyson Kidd
50%
Zack Ryder
50%
Alex Riley
33%
Alex Shelley
33%
Brian Kendrick
33%
Buddy Murphy
33%
Davey Richards
33%
Fandango
33%
Frankie Kazarian
33%
Hiroshi Tanahashi
33%
Jimmy Rave
33%
Kazuchika Okada
33%
Low Ki
33%
Nunzio
33%
Paul London
33%
Roderick Strong
33%
Sin Cara
33%
Teddy Hart
33%
The Great Khali
33%
Wheeler Yuta
33%
Adam Pearce
17%
Alex Koslov
17%
Austin Aries
17%
Baron Corbin
17%
Big Cass
17%
BJ Whitmer
17%
Bobby Fish
17%
Chris Sabin
17%
Christian Cage
17%
Colt Cabana
17%
Damien Sandow
17%
Daniel Garcia
17%
Dax Harwood
17%
Derrick Bateman
17%
Doug Williams
17%
Drew Gulak
17%
Eddie Edwards
17%
El Generico
17%
Fergal Devitt
17%
Homicide
17%
Jamie Noble
17%
Jay Briscoe
17%
Jerry "The King" Lawler
17%
Jimmy Jacobs
17%
Joey Ryan
17%
JTG
17%
Lance Cade
17%
Mason Ryan
17%
Michael Tarver
17%
Nigel McGuinness
17%
PAC
17%
Reckless Youth
17%
Spike Dudley
17%
Steve Corino
17%
Timothy Thatcher
17%
Ultimo Dragon
17%
Zack Sabre Jr.
17%
Alex Porteau
0%
Andrade "Cien" Almas
0%
Bandido
0%
Billy Kidman
0%
Brent Albright
0%
Brian Cage
0%
Brodus Clay
0%
Chad Collyer
0%
El Samurai
0%
Evil Uno
0%
Gangrel
0%
Hunico
0%
Jack Evans
0%
Jerry Lynn
0%
Jimmy Yang
0%
Joey Matthews
0%
Johnny Gargano
0%
John Silver
0%
Jushin "Thunder" Liger
0%
Matt Menard
0%
Mike Quackenbush
0%
Minoru Suzuki
0%
Necro Butcher
0%
P.N. News
0%
Ricky Starks
0%
Robbie Brookside
0%
Sammy Guevara
0%
Savio Vega
0%
Sean O'Haire
0%
Sonjay Dutt
0%
Swerve Strickland
0%
Tiger Mask
0%
Tony Mamaluke
0%
Tony Nese
0%
Trent Barreta
0%

Score Distribution

Percentile by Number Answered

Percent of People with Each Score

Your Score History

You have not taken this quiz since the last reset